| 000 | 00000nam##2200000za#4500 |
| 001 | 9.661312 |
| 003 | CaOODSP |
| 005 | 20210615120054 |
| 007 | ta |
| 008 | 150407|2000||||xxc||||| f|0| 0 fre|d |
| 020 | |a0-662-65280-0 |
| 040 | |aCaOODSP|bfre |
| 041 | |aeng |
| 041 | |afre |
| 043 | |an-cn--- |
| 086 | 1 |aSW21-44/2000 |
| 110 | 1 |aCanada. |bCondition féminine Canada. |
| 245 | 10|aLes femmes et le travail par téléphone : |brépercussions de la technologie, de la restructuration et de la réorganisation du travail sur les secteur des centres d'appel / |cpar Ruth Buchanan, Sarah Koch-Schulte. |
| 260 | |aOttawa - Ontario : |bCondition féminine Canada |c2000. |
| 300 | |aTexte français, viii, 115p. : |btableaux ; |c28 cm. |
| 500 | |aDonnées de catalogage avant publication (Canada) imprimées dans cette publication. «La présente étude de cas porte sur le secteur naissant des centres d'appels au Canada et a pour but d'examiner les retombées de la restructuration sur les travailleuses et les travailleurs des échelons inférieurs du marché de l'emploi.»--Résumé. boN.B.: Le numéro de catalogue (SW21-44/2000F) et ISBN (0-662-84003-8) imprimés dans cette publication est incorrects. |
| 504 | |aBibliographie. |
| 520 | 3 |aLa présente étude de cas porte sur le secteur naissant des centres d'appels au Canada et a pour but d'examiner les retombées de la restructuration sur les travailleuses et les travailleurs des échelons inférieurs du marché de l'emploi.--Résumé |
| 546 | |aBilingue |
| 563 | |aCouverture souple |
| 590 | |a00-39|b2000-09-29 |
| 720 | 1 |aBuchanan, Ruth |
| 720 | 1 |aKoch-Schulte, Sarah |
| 776 | 0#|tLes femmes et le travail par téléphone : |w(CaOODSP)9.632896 |
| 776 | 0#|tGender on the line : |w(CaOODSP)9.688471 |
| 791 | |tGender on the line : |eeng|w(CaOODSP)9.661311 |